000 00987nam a2200217 i 4500
001 64648
003 ES-MaACL
005 20230906165159.0
007 t|
008 031230s1956 sp ||||1| spa d
100 1 _aForestier, Víctor.
_951737
245 1 0 _aCálculo y ejecución de las obras de hormigón armado /
_cV. Forestier ; versión de la tercera edición francesa por M. Kraemer Morata.
250 _a1ª ed.
260 _aBarcelona :
_bJosé Montesó,
_c1956 (
_fImp. Juvenil)
300 _a4 t. ;
_c22 cm.
505 8 _aContiene: T.1: Método general de Cálculo : puesta en obra. -- T.2: Fundaciones y superestructura de los edificios : silos, canalizaciones, depósitos. -- T.3: Muros de contención. Puentes. -- T.4: Puentes / versión de la cuarta edición francesa por Carlos Ferrer Kutter
650 4 _aHormigón armado.
_9155789
700 1 _aKraemer Morata, Martín.
_968699
700 1 _aFerrer Kutter, Carlos.
_950480
852 _aES-MaACL
_jC-14606-9
_bR.39127
999 _c64648
_d64648